000 01167nam a22002657a 4500
005 20100916163240.0
008 100915t xxu||||| |||| 00| 0 hin d
010 _aHIN-90516
020 _c195.00
_a8189537849
035 _aHN-62862
037 _bDBAD / PUB
040 _aDPL
_bHN
082 _a
100 _920178
_aकुमुद अधिकारी
245 _aकहानी जो मैं लिख नहीं पाई /
_cकुमुद अधिकारी
246 _aKahani jo mee likh nahi pai
_bby Kumud Adhikari
260 _aदिल्ली
_bयश पब्लिकेशन्स
_c2010
270 _ax/909, चाँद मौहल्ला, गांधी नगर
_bदिल्ली
_e110031
_k0989993522
_myash_publication@hotmail.com
300 _a107पृ.
_c22सेमी (सजिल्द)
650 _91159
_aहिन्दी कथा साहित्य
700 _920179
700 _920333
942 _2ddc
_cHN
_mकुमुद
_h
999 _c46516
_d46516